| 000 | 00356nam a22001337a 4500 | ||
|---|---|---|---|
| 008 | 160509b xxu||||| |||| 00| 0 eng d | ||
| 020 | _a9789727310074 | ||
| 100 | _aPELTZER, Gonzalo | ||
| 245 |
_aJornalismo iconografico _cGonzalo Peltzer |
||
| 260 |
_aLisboa _bPlaneta Editora _c1992 |
||
| 300 | _a220p | ||
| 650 |
_aJornalismo _xGraficos |
||
| 942 |
_2udc _cBK |
||
| 999 |
_c36256 _d36256 |
||